000 00363nam a2200145Ia 4500
008 231129s1995||||xx |||||||||||||| ||spa||
020 _a84-7634-257-8
040 _bspa
082 _a808.3876 S587m
100 _aSilverberg Robert
245 0 _aEl mundo interior
260 _c1995
264 _aOrbis
942 _2ddc
_cBKS
999 _c11805
_d11805